[Event "3. Arber-Open 2014"]
[Site "Bayerisch Eisenstein"]
[Date "2014.08.24"]
[Round "9.17"]
[White "Moutaqi, Sandra"]
[Black "Grabmeier, Johannes"]
[Result "1/2-1/2"]
[WhiteElo "2069"]
[BlackElo "1914"]
[PlyCount "22"]
[EventDate "2014.??.??"]
[WhiteTeam "PSV Ludwigslust"]
[BlackTeam "SV Deggendorf"]

1. d4 c5 2. d5 f5 3. c4 Nf6 4. Nc3 g6 5. Nf3 d6 6. Qc2 Bg7 7. e3 O-O 8. Bd3 Na6
9. a3 Nc7 10. O-O Bd7 11. Rb1 e5 1/2-1/2

[Event "3. Arber-Open 2014"]
[Site "Bayerisch Eisenstein"]
[Date "2014.08.24"]
[Round "9.18"]
[White "Reuter, Roland"]
[Black "Fuchs, Benno"]
[Result "1-0"]
[WhiteElo "2007"]
[BlackElo "1790"]
[PlyCount "81"]
[EventDate "2014.??.??"]
[WhiteTeam "SK Schwabach 1907 e.V."]
[BlackTeam "SF Botv. Steinsfurt"]

1. Nf3 Nf6 2. c4 g6 3. g3 Bg7 4. d4 O-O 5. Nc3 d6 6. Bg2 Nc6 7. O-O a6 8. Bd2
Rb8 9. a4 Bf5 10. d5 Nb4 11. Nd4 Bd7 12. Nb3 Bf5 13. Rc1 c5 14. Bf4 Nh5 15. e4
Nxf4 16. gxf4 Bd7 17. Qf3 b5 18. axb5 axb5 19. Nd2 bxc4 20. Nxc4 Qc7 21. Rfe1
Bb5 22. Nxb5 Rxb5 23. e5 Rfb8 24. Re2 Rd8 25. exd6 exd6 26. Rce1 Kf8 27. f5
gxf5 28. Qxf5 h6 29. Bf3 Rbb8 30. Qe4 Qd7 31. Bg4 Qc7 32. Re3 Kg8 33. R1e2 Be5
34. Bf5 Re8 35. Qg4+ Kf8 36. Bh7 Bg7 37. Rxe8+ Rxe8 38. Rxe8+ Kxe8 39. Qxg7 Qe7
40. Qg8+ Kd7 41. Bf5+ 1-0

[Event "3. Arber-Open 2014"]
[Site "Bayerisch Eisenstein"]
[Date "2014.08.24"]
[Round "9.19"]
[White "Strasil, Pavel"]
[Black "Kleinhenz, Hans-Georg"]
[Result "1-0"]
[WhiteElo "2132"]
[BlackElo "1837"]
[PlyCount "54"]
[EventDate "2014.??.??"]
[BlackTeam "Stolberger SV 1927"]

1. c4 e6 2. d4 Nf6 3. g3 c5 4. d5 exd5 5. cxd5 d6 6. Bg2 g6 7. Nc3 Bg7 8. e4
O-O 9. Nge2 a6 10. a4 Nbd7 11. O-O Re8 12. h3 Rb8 13. g4 c4 14. Be3 Qc7 15. Ng3
Nc5 16. g5 Nfd7 17. f4 f5 18. gxf6 Bxf6 19. e5 Nxe5 20. fxe5 Bxe5 21. Bf4 Bxf4
22. Rxf4 Nd3 23. Rf1 Qb6+ 24. Kh2 Qxb2 25. Nce4 Kg7 26. Qf3 Bf5 27. Nxd6 Re5
1-0

[Event "3. Arber-Open 2014"]
[Site "Bayerisch Eisenstein"]
[Date "2014.08.24"]
[Round "9.20"]
[White "Bergmann, Reiner"]
[Black "Schumacher, Ralph"]
[Result "0-1"]
[WhiteElo "1851"]
[BlackElo "1606"]
[PlyCount "80"]
[EventDate "2014.??.??"]
[WhiteTeam "SC Bayerwald"]
[BlackTeam "SFB Steinsfurt"]

1. e4 d5 2. exd5 Qxd5 3. Nc3 Qa5 4. d4 c6 5. Bd3 Nf6 6. Bd2 Qc7 7. Nge2 Bg4 8.
f3 Bh5 9. Bf4 Qd8 10. Qd2 e6 11. O-O-O Bd6 12. Bg5 Nbd7 13. Ne4 Be7 14. Nxf6+
Bxf6 15. Be3 Bg6 16. Bxg6 hxg6 17. g4 Nb6 18. Bf2 Qd5 19. Kb1 Qxf3 20. Bg3
O-O-O 21. g5 Nc4 22. Qe1 Bxg5 23. Ka1 Bf6 24. Rd3 Qe4 25. Kb1 Rh5 26. Rf1 Rb5
27. b3 g5 28. Kc1 Nb6 29. a4 Rf5 30. Rxf5 exf5 31. Bf2 f4 32. Qd2 Re8 33. Nc3
Qh1+ 34. Kb2 Qxh2 35. Ka2 g4 36. d5 Rd8 37. Ne4 Nxd5 38. Qa5 a6 39. Qc5 Kc7 40.
c4 b6 0-1

[Event "3. Arber-Open 2014"]
[Site "Bayerisch Eisenstein"]
[Date "2014.08.24"]
[Round "9.21"]
[White "Rösch, David"]
[Black "Drews, Rüdiger"]
[Result "1/2-1/2"]
[WhiteElo "1337"]
[BlackElo "1899"]
[PlyCount "49"]
[EventDate "2014.??.??"]
[WhiteTeam "SC Bayerwald"]
[BlackTeam "Mosbacher SC von 1931"]

1. e4 c5 2. Nf3 e6 3. d4 cxd4 4. Nxd4 Nc6 5. Nc3 Qc7 6. Be2 a6 7. Be3 Nf6 8.
Qd2 b5 9. a3 Bb7 10. Ndxb5 axb5 11. Nxb5 Qe5 12. Bf4 Qxb2 13. O-O Nxe4 14. Qe3
Nc5 15. Rab1 Qf6 16. Nc7+ Kd8 17. Bg5 Kxc7 18. Bxf6 gxf6 19. Qf4+ Bd6 20. Qxf6
Be5 21. Qh6 Nd4 22. Qh5 f5 23. c3 Nxe2+ 24. Qxe2 d6 25. Qb2 1/2-1/2

[Event "3. Arber-Open 2014"]
[Site "Bayerisch Eisenstein"]
[Date "2014.08.24"]
[Round "9.22"]
[White "Fernandez-Alvarez, Raul"]
[Black "Schulz, Gerhard"]
[Result "1/2-1/2"]
[WhiteElo "1723"]
[BlackElo "1792"]
[PlyCount "67"]
[EventDate "2014.??.??"]
[WhiteTeam "SG Schw München Nord e.V."]
[BlackTeam "PSV Ludwigslust"]

1. e4 e5 2. Nf3 Nf6 3. Nc3 Nc6 4. Bb5 Bc5 5. O-O d6 6. d4 exd4 7. Nxd4 Bxd4 8.
Qxd4 Bd7 9. Bxc6 Bxc6 10. Bg5 h6 11. Bh4 g5 12. Bg3 O-O 13. f4 Nh5 14. Nd5 Bxd5
15. Qxd5 Nxg3 16. hxg3 c6 17. Qd4 Qb6 18. Qxb6 axb6 19. Kf2 Kg7 20. a3 f5 21.
exf5 Rxf5 22. Kf3 d5 23. Rae1 Kf7 24. Kg4 Rf6 25. fxg5 hxg5 26. Kxg5 Rg8+ 27.
Kh4 Rh8+ 28. Kg5 Rg8+ 29. Kh4 Rh8+ 30. Kg4 Rg8+ 31. Kh4 Rh8+ 32. Kg4 Rg8+ 33.
Kh4 Rh8+ 34. Kg4 1/2-1/2

[Event "3. Arber-Open 2014"]
[Site "Bayerisch Eisenstein"]
[Date "2014.08.24"]
[Round "9.23"]
[White "Forgach, Andreas"]
[Black "Reinhardt, Michael"]
[Result "1/2-1/2"]
[WhiteElo "1909"]
[BlackElo "1847"]
[PlyCount "39"]
[EventDate "2014.??.??"]
[WhiteTeam "Kasseler SK 1876"]
[BlackTeam "TuS Hartha"]

1. e4 c6 2. d4 d5 3. Nc3 dxe4 4. Nxe4 Bf5 5. Ng3 Bg6 6. h4 h6 7. Nf3 Nd7 8. h5
Bh7 9. Bd3 Bxd3 10. Qxd3 e6 11. Bf4 Ngf6 12. O-O-O Nd5 13. Bd2 Qb6 14. Kb1
O-O-O 15. c4 Qa6 16. Qb3 N5b6 17. Rc1 Kb8 18. Bf4+ Ka8 19. Rhd1 Be7 20. Bc7
1/2-1/2

[Event "3. Arber-Open 2014"]
[Site "Bayerisch Eisenstein"]
[Date "2014.08.24"]
[Round "9.24"]
[White "Ranker, Klemens"]
[Black "Staudinger, Simon"]
[Result "1/2-1/2"]
[WhiteElo "1925"]
[BlackElo "1616"]
[PlyCount "39"]
[EventDate "2014.??.??"]
[WhiteTeam "SC Hauptstuhl"]
[BlackTeam "SC Sonnen 1986"]

1. e4 e5 2. Nf3 Nc6 3. Bb5 a6 4. Ba4 Nf6 5. O-O Nxe4 6. Re1 Nc5 7. Bxc6 dxc6 8.
Rxe5+ Be7 9. Qe2 Be6 10. d4 Nd7 11. Rxe6 fxe6 12. Qxe6 Nf6 13. Be3 Qd5 14. Ng5
Qxe6 15. Nxe6 Kf7 16. Ng5+ Kg8 17. Nc3 h6 18. Nf3 Bd6 19. h3 Nd5 20. Nxd5
1/2-1/2

[Event "3. Arber-Open 2014"]
[Site "Bayerisch Eisenstein"]
[Date "2014.08.24"]
[Round "9.25"]
[White "Weidenhöfer, Robert"]
[Black "Blank, Stefan"]
[Result "1-0"]
[WhiteElo "1718"]
[BlackElo "1838"]
[PlyCount "73"]
[EventDate "2014.??.??"]
[WhiteTeam "SW Nürnberg Süd e.V."]
[BlackTeam "SC Sulzbach"]

1. b3 d6 2. Bb2 Nd7 3. f4 e5 4. Nf3 exf4 5. d3 Ngf6 6. Qd2 Nd5 7. Nc3 N7f6 8.
O-O-O Ne3 9. Re1 Bd7 10. g3 Nxf1 11. Rexf1 fxg3 12. hxg3 Qe7 13. e4 O-O-O 14.
Ng5 h6 15. Nd5 Nxd5 16. Nxf7 Rg8 17. Nxd8 Nf6 18. Nxb7 Kxb7 19. Rf2 Ng4 20. Re2
Qd8 21. Qb4+ Ka8 22. e5 Qg5+ 23. Kb1 Bc6 24. Rf1 Be7 25. Qc4 Kb7 26. Qxg8 dxe5
27. Qe6 Bf6 28. Rf5 Qg6 29. d4 exd4 30. Bxd4 h5 31. Bxf6 Nxf6 32. Rc5 Bd7 33.
Qe5 Qg4 34. Rxc7+ Ka6 35. Qd6+ Ka5 36. Re5+ Bb5 37. Rxa7# 1-0

[Event "3. Arber-Open 2014"]
[Site "Bayerisch Eisenstein"]
[Date "2014.08.24"]
[Round "9.26"]
[White "Trinkl, Andreas"]
[Black "Schröder, Stefan"]
[Result "1-0"]
[WhiteElo "1817"]
[BlackElo "1845"]
[PlyCount "75"]
[EventDate "2014.??.??"]
[WhiteTeam "SV 1947 Walldorf"]
[BlackTeam "Airbus Helicopters SG"]

1. Nf3 Nf6 2. g3 b6 3. Bg2 Bb7 4. c4 e6 5. b3 d5 6. O-O dxc4 7. bxc4 Be7 8. Bb2
c5 9. d3 O-O 10. Nbd2 Nc6 11. Nb3 Qc7 12. Rb1 Rad8 13. Qc1 Rd7 14. Bc3 Rfd8 15.
Qb2 Ne8 16. Ne5 Nxe5 17. Bxe5 Qc8 18. Bxb7 Qxb7 19. h4 Qc6 20. Nd2 Bf6 21. Nf3
Qc8 22. a4 Bxe5 23. Nxe5 Rd6 24. a5 f6 25. Nf3 e5 26. Nd2 Qh3 27. axb6 axb6 28.
Ra1 Re6 29. Ra6 Rb8 30. Rfa1 Nc7 31. Ra7 Rc6 32. Nf3 Ne6 33. Ra8 Rcc8 34. R8a6
Rc6 35. Qb5 Rd6 36. Ra8 Rxa8 37. Rxa8+ Kf7 38. Qe8# 1-0

[Event "3. Arber-Open 2014"]
[Site "Bayerisch Eisenstein"]
[Date "2014.08.24"]
[Round "9.27"]
[White "Flemming, Klaus"]
[Black "Kronschnabl, Matthias"]
[Result "1-0"]
[WhiteElo "1766"]
[BlackElo "1300"]
[PlyCount "37"]
[EventDate "2014.??.??"]
[WhiteTeam "vereinslos"]
[BlackTeam "SC Bayerwald"]

1. Nf3 Nc6 2. d4 d5 3. Bf4 Bg4 4. e3 a6 5. c4 e6 6. Nc3 Nf6 7. Be2 Bd6 8. Ne5
Bxe2 9. Qxe2 O-O 10. O-O Be7 11. Nxc6 bxc6 12. Rfd1 Bd6 13. Bg3 Rb8 14. b3 Qe7
15. cxd5 cxd5 16. Qxa6 Rb6 17. Qe2 c5 18. Bxd6 Qxd6 19. dxc5 1-0

[Event "3. Arber-Open 2014"]
[Site "Bayerisch Eisenstein"]
[Date "2014.08.24"]
[Round "9.28"]
[White "Stutz, Robert"]
[Black "Bangert, Ruediger"]
[Result "1-0"]
[WhiteElo "1830"]
[BlackElo "1626"]
[PlyCount "51"]
[EventDate "2014.??.??"]
[WhiteTeam "TSV Grossmehring"]
[BlackTeam "vereinslos"]

1. e4 g6 2. d4 Bg7 3. Nc3 b6 4. f4 Bh6 5. Nf3 Bb7 6. Be2 d6 7. O-O Nd7 8. Be3
e5 9. Qd2 Ngf6 10. fxe5 Bxe3+ 11. Qxe3 dxe5 12. dxe5 Ng4 13. Qf4 h5 14. h3 Nh6
15. Rad1 Qe7 16. Nd5 Qc5+ 17. Kh1 Bxd5 18. exd5 O-O-O 19. d6 c6 20. b4 Qc3 21.
Ba6+ Kb8 22. Nd4 Nf5 23. Rd3 Qb2 24. Nxc6+ Ka8 25. Nxd8 Rxd8 26. Qf3+ 1-0